| 000 | 00526nam a2200169 i 4500 | ||
|---|---|---|---|
| 001 | 29943 | ||
| 003 | ES-MaACL | ||
| 005 | 20231224062917.0 | ||
| 007 | t| | ||
| 008 | 030123s1909 sp ||||1| spa d | ||
| 100 | 1 |
_aBaroja, Pío, _d1872-1956 _925752 |
|
| 245 | 1 | 0 |
_aZalacaín el aventurero : _b(historia de las buenas andanzas y fortunas de Martín Zalacaín el aventurero) / _cPío Baroja. |
| 260 |
_aBarcelona : _bE. Domenech, _c1909. |
||
| 300 |
_a288 p. ; _c19 cm. |
||
| 852 | 4 |
_aES-MaACL _jB-5753 |
|
| 999 |
_c29943 _d29943 |
||